Top 30 Eminem Songs - Statistics

General Stats
  • This quiz has been taken 24 times
  • The average score is 12 of 30
Answer Stats
# Song Rating % Correct
2. Lose Yourself 97
89%
1. Stan 98
79%
4. Without Me 95
79%
14. Mockingbird 90
74%
17. My Name Is 89
74%
5. The Real Slim Shady 94
74%
3. 'Till I Collapse 95
68%
9. Beautiful 92
53%
23. Like Toy Soldiers 87
53%
22. Superman 87
53%
10. Cleanin' Out My Closet 92
42%
8. Sing for the Moment 92
42%
21. White America 87
42%
15. Business 90
37%
19. Guilty Conscience 89
37%
13. Role Model 90
37%
7. The Way I Am 93
37%
27. Kill You 87
32%
26. Soldier 87
26%
6. 8 Mile 93
21%
25. Criminal 87
21%
12. Rock Bottom 91
21%
30. Drug Ballad 86
16%
24. Bad Guy 87
11%
20. Bitch Please II 88
11%
29. Headlights 86
11%
11. Rabbit Run 92
11%
16. Déjà vu 90
5%
18. Infinite 89
5%
28. Just the Two of Us 86
0%
No matching quizzes found
Score Distribution
Percent of People with Each Score
Percentile by Number Answered
Your Score History
You have not taken this quiz